| 000 | 01571nam a2200385 i 4500 | ||
|---|---|---|---|
| 001 | 57972 | ||
| 003 | ES-MaACL | ||
| 005 | 20230906163708.0 | ||
| 007 | t| | ||
| 008 | 031020s1959 sp ||||1| spa d | ||
| 100 | 1 |
_aDu Maurier, Daphne. _945711 |
|
| 245 | 1 | 0 |
_aObras / _cde Daphne Du Maurier. |
| 260 |
_aMadrid : _bLa Nave, _c1959 ( _fTip. Miguza) |
||
| 300 |
_a2 v. ; _c18 cm. |
||
| 490 | 1 | _aMaestros de hoy | |
| 505 | 8 | _aContiene: I. Rebeca / [traducción de Fernando Calleja] ; Monte bravo / [traducción de Santiago Valdanzo] ; Espíritu de amor / [traducción de María E. Martínez de Pineda] ; París y Londres / [traducción de Berni Wremier] -- II. El general del rey / [traducción de Federico G. Quells] ; La posada de Jamaica / [traducción de V.C.L.] ; Nunca volveré a ser joven / [traducción de Ildefonso Balsain] ; ¡Adelante, Julio! / [traducción de Roberto Ángel] | |
| 700 | 1 |
_aCalleja, Fernando. _933715 |
|
| 700 | 1 |
_aValdanzo, Santiago. _9112478 |
|
| 700 | 1 |
_aMartínez de Pineda, María E. _978023 |
|
| 700 | 1 |
_aWremier, Berni. _9117396 |
|
| 700 | 1 |
_aBalsain, Ildefonso. _925106 |
|
| 700 | 1 |
_aAngel, Roberto. _921703 |
|
| 700 | 1 |
_aQuells, Federico G. _994509 |
|
| 740 | 0 | 2 | _aRebeca. |
| 740 | 0 | 2 | _aMonte bravo. |
| 740 | 0 | 2 | _aEspíritu de amor. |
| 740 | 0 | 2 | _aParís y Londres. |
| 740 | 3 | 2 | _aEl general del rey. |
| 740 | 3 | 2 | _aLa posada de Jamaica. |
| 740 | 0 | 2 | _aNunca volveré a ser joven. |
| 740 | 1 | 2 | _a¡Adelante, Julio! |
| 830 | 1 |
_aMaestros de hoy _9182411 |
|
| 852 | 4 |
_aES-MaACL _jC-15944-45 |
|
| 999 |
_c57972 _d57972 |
||